000 00658nam a22002057a 4500
003 0
005 20250814113930.0
008 250814b xxu||||| |||| 00| 0 eng d
020 _a979-8-89161-651-6
050 _aPN 81
_b.B46 2025
100 _aBennett, Jordan,
_eauthor.
245 _aLiterary criticism and theory /
_cJordan Bennett.
260 _aJersey Cuty, USA :
_bAlexis Press,
_c2025.
300 _aviii, 290 pages ;
_c27 cm.
504 _aIncludes bibliographical references and index.
650 _aCriticism.
650 _aLiterature
_xHistory and criticism
_xTheory, etc.
650 _aLiterary form
_xHistory and criticism.
942 _2lcc
_cBK
999 _c367513
_d367513